History of the Entire World, I Guess (Part I) - Statistics

General Stats
  • This quiz has been taken 252 times
  • The average score is 16 of 29
Answer Stats
Hint Answer % Correct
"Hi. You're on a rock floating in _____." Space
100%
"I can't even get from here to there without buying a ____" Boat
92%
"______ was ever anywhere" Nothing
83%
"Bigger stars burn out and die with _____" Passion
74%
"The sun is a _____ _____" Deadly Laser
73%
"It's the ______ _________ (wow, that's animals and stuff)" Cambrian Explosion
72%
"Baby in the ___, in the water, in the ___" Egg
71%
Technique microbes use to "eat sunlight" Photosynthesis
71%
The initial elements, hydrogen and ____ (lithium too) Helium
67%
Indus River
66%
"Tired of using rocks for everything? Use ____" Metal
66%
"And the dinosaurs are gone (it's _____ time)" Mammal
65%
The fourth weather update "It's Raining"
62%
China
61%
"a microscopic ____ that lives at the bottom of the ocean" Speck
61%
The first civilization was in this region Mesopotamia
58%
Other civilzations Egypt
56%
What the above is called Supernova
56%
"Congratulations, the world is now _ ____ _ __ in space." A Bunch of Gas
53%
Norte Chico
51%
"And bang rocks together to make pointed rocks (___) and set things on fire (_____) and make crazy sounds with their voice (______)" Ouch
51%
This allowed humans to get to the Americas Ice Age
47%
Yeouch
46%
"Stars have cool stuff around them, like rocks, ice, and _____ _____" Funny Clouds
38%
"It's still very full, and about a _______ degrees" Kjghpillion
37%
Gneurshk
31%
The Permian Extinction happened this long ago 252 Million Years Ago
15%
The clock introducing time stopped at this time 10:10
9%
After that, this creature evolved to become the dinosaurs Proterosuchus
9%
No matching quizzes found
Score Distribution
Percent of People with Each Score
Percentile by Number Answered
Your Score History
You have not taken this quiz